| 000 | 00520nmm a2200181Ia 4500 | ||
|---|---|---|---|
| 008 | 251105s9999||||xx |||||||||||||||||und|| | ||
| 041 | _aspa | ||
| 100 | _aSpencer, Kristy | ||
| 245 | 0 |
_aEl otoño de los ángeles oscuros : _b La tentación |
|
| 264 |
_a[Madrid, España] : _bLibros de Seda, _c2015 |
||
| 300 | _a0 páginas | ||
| 490 | _aLos ángeles oscuros | ||
| 650 | _aRomance | ||
| 700 | _aSpencer, Kristy | ||
| 700 | 1 | _a Lee, Tabita | |
| 856 | _uhttps://public.digitaliapublishing.com/a/88017 | ||
| 942 | _cCF | ||
| 999 |
_c71668 _d71668 |
||